Human Resources Development (Hrd) : Theory And Practice (Record no. 95349)
[ view plain ]
| 000 -LEADER | |
|---|---|
| fixed length control field | 00632nam a2200241Ia 4500 |
| 005 - DATE AND TIME OF LATEST TRANSACTION | |
| control field | 20230419121642.0 |
| 008 - FIXED-LENGTH DATA ELEMENTS--GENERAL INFORMATION | |
| fixed length control field | 230125s9999 xx 000 0 und d |
| 020 ## - INTERNATIONAL STANDARD BOOK NUMBER | |
| International Standard Book Number | 978-81-7708-463-4 |
| 041 ## - LANGUAGE CODE | |
| Language code of text/sound track or separate title | eng |
| 082 ## - DEWEY DECIMAL CLASSIFICATION NUMBER | |
| Classification number | 658.312 44 |
| Item number | SUD |
| 100 ## - MAIN ENTRY--PERSONAL NAME | |
| Author | Sudan R K |
| 245 ## - TITLE STATEMENT | |
| Title | Human Resources Development (Hrd) : Theory And Practice |
| 250 ## - EDITION STATEMENT | |
| Edition statement | 1st Ed. |
| 260 ## - PUBLICATION, DISTRIBUTION, ETC. | |
| Date of publication, distribution, etc. | 2018 |
| Name of publisher, distributor, etc. | New Century Publications. |
| Place of publication, distribution, etc. | New Delhi |
| 300 ## - PHYSICAL DESCRIPTION | |
| Extent | 174p |
| Dimensions | Hard Bound |
| 440 ## - SERIES STATEMENT/ADDED ENTRY--TITLE | |
| Volume/sequential designation | 2 |
| 500 ## - GENERAL NOTE | |
| Keywords | HRD |
| 650 ## - SUBJECT ADDED ENTRY--TOPICAL TERM | |
| Topical term or geographic name entry element | Human Resource Management. |
| 700 ## - ADDED ENTRY--PERSONAL NAME | |
| Personal name | Sudan R K |
| 942 ## - ADDED ENTRY ELEMENTS (KOHA) | |
| Koha item type | Books |
| 906 ## - LOCAL DATA ELEMENT F, LDF (RLIN) | |
| b | 27 |
| Withdrawn status | Lost status | Damaged status | Not for loan | Home library | Current library | Date acquired | Vendor | Net Price | Bill number | Total Checkouts | Full call number | Barcode | Date last seen | Actual Price | Bill Date | Koha item type | Original Barcode | Date last checked out |
|---|---|---|---|---|---|---|---|---|---|---|---|---|---|---|---|---|---|---|
| Smt. Hiraben Nanavati Institute of Management & Research for Women | Smt. Hiraben Nanavati Institute of Management & Research for Women | 13/02/2019 | Pritam Book Centre | 775.00 | 10759 | 658.312 44 SUD B18304 | HIMR-BK-18304 | 25/01/2023 | 748.00 | 12/02/2019 | Books | B18304 | ||||||
| Smt. Hiraben Nanavati Institute of Management & Research for Women | Smt. Hiraben Nanavati Institute of Management & Research for Women | 13/02/2019 | Pritam Book Centre | 775.00 | 10759 | 1 | 658.312 44 SUD B18305 | HIMR-BK-18305 | 24/03/2025 | 748.00 | 12/02/2019 | Books | B18305 | 18/03/2025 |